| 000 | 00870nam a2200205Ia 4500 | ||
|---|---|---|---|
| 001 | 10398 | ||
| 003 | GE_BSU | ||
| 008 | 181216s||||||||xx |||||||||||||| ||und|| | ||
| 020 | _a9789992847268 | ||
| 040 | _cGE_BSU | ||
| 080 | _a821.353.1+821.353.1-1+821.353.1-32 | ||
| 245 | _aქართული მწერლობა 40 ტომად. ტ.9. მე –19 საუკუნის მწერლობა | ||
| 245 | _cშემდგ.ა.ბაქრაძე.რ.თვარაძე.სარედ.კოლ.ა.ბაქრაძე და სხვ.ტომის რედ.ჯ.ჭუმბურიძე.მხატვ.გ.ღლონტი | ||
| 260 | _aთბილისი | ||
| 260 | _bნაკადული | ||
| 260 | _c1992 | ||
| 300 | _a704გვ.20სმ. | ||
| 653 | _aქართული მწერლობა | ||
| 942 | _cBK | ||
| 999 |
_c43659 _d43659 |
||